000 00328nam a22001337a 4500
999 _c13831
_d13831
020 _a9780357506431
082 _a005.8
100 _aMichael E. Whitman ; Herbert J. Mattord
245 _aPrinciples of Information Security
250 _a7th edition
260 _aAustralia
_bCengage
_c2022
300 _a752 pages
942 _cBK